rozsypanka literowa - polscy raperzy - Statystyki

Ogólne statystyki
  • Ten quiz został rozwiązany 962 razy
  • Średni wynik to 11 z 15
Statystyki odpowiedzi
Rozsypanka Raper % Poprawnych
atma Mata
99%
iok Oki
97%
feqoaebundi Quebonafide
93%
oesbde Bedoes
92%
eedt Tede
90%
ziok Kizo
83%
snoażb Żabson
79%
ałbasi Białas
78%
riugzo Guzior
75%
huplac Paluch
73%
omlaknanimta Malik Montana
60%
npe-oanrewjaai Jan-Rapowanie
54%
mhcegtanyoiwa Taco Hemingway
51%
tyomsasl Smolasty
37%
mriynzenmik Kinny Zimmer
31%
Nie znaleziono quizów pasujących do podanych kryteriów
Rozkład punktacji
Procent ludzi z każdym wynikiem
Percentyl według liczby udzielonych odpowiedzi
Twoja historia wyników
Nie rozwiązałeś tego quizu